The Flags of the Capitals #2 - Statistics

General Stats
  • This quiz has been taken 25 times
  • The average score is 12 of 16
Answer Stats
Picture Answer % Correct
Amsterdam
94%
Ankara
94%
Taipei City
94%
Jerusalem
88%
Dublin
82%
Bern
76%
Jakarta
76%
Oslo
76%
Bangkok
71%
Warsaw
71%
Riyadh
65%
Abuja
59%
Abu Dhabi
53%
Brussels
53%
Buenos Aires
53%
Stockholm
53%
No matching quizzes found
Score Distribution
Percent of People with Each Score
Percentile by Number Answered
Your Score History
You have not taken this quiz